The Main Parts of the Human Heart - Statistics

General Stats
  • This quiz has been taken 30 times
  • The average score is 7 of 12
Answer Stats
Answer % Correct
Aorta
96%
Left ventricle
93%
Right ventricle
93%
Left atrium
85%
Right atrium
85%
Pulmonary vein
74%
Pulmonary artery
70%
Vena cava
67%
Pericardium
7%
Heart apex
0%
Heart muscle
0%
Heart valve
0%
No matching quizzes found
Score Distribution
Percent of People with Each Score
Percentile by Number Answered
Your Score History
You have not taken this quiz